00273nam a2200097Ia 4500008004100000082001600041100002300057245005500080260002000135600002000155241002s9999 xx 000 0 und d a348.025 LEO aLeon, Megginson C. 0aPersonal: A behavioral Approach to Administrations aIllionis:c1967 aSocial Sciences